000 00731nam a2200253Ia 4500
003 OSt
005 20220930071832.0
006 a|||||r|||| 00| 0
007 ta
008 220926b |||||||| |||| 00| 0 hin d
024 _a18260
037 _cTheses
040 _aCRL
_cCRL
_bhin
041 _2hin
_ahin
100 _aAmarjeet Kaur
_9524402
110 _aUniversity of Delhi. Faculty of Arts. Department of Hindi
245 0 _aKhadi boli ka veer kavya
260 _c1977
650 _aHINDI LITERATURE
_923866
700 _a Dr. Kanan Jhingan Gu.
_9529078
700 _aUniversity of Delhi. Faculty of Arts. Department of Hindi
942 _cDIS
_2CC
999 _c862934
_d862934